| 000 | 00000nas 2200000zi 4500 |
| 001 | 9.877952 |
| 003 | CaOODSP |
| 005 | 20240201110017 |
| 006 | m go d f |
| 007 | cr ||||||||||| |
| 008 | 190814d20192021oncwr p o f0###b0fre|d |
| 022 | |a2562-7880 |
| 040 | |aCaOODSP|bfre|erda|cCaOODSP |
| 043 | |an-cn--- |
| 086 | 1 |aHP38-4F-PDF |
| 222 | 0|aRapport de surveillance des maladies transmises par les moustiques |
| 245 | 00|aRapport de surveillance des maladies transmises par les moustiques. |
| 264 | 1|a[Ottawa] : |bPublic Health Agency of Canada = Agence de santé publique du Canada, |c[2019]-2021. |
| 310 | |aHebdomadaire |
| 336 | |atexte|btxt|2rdacontent/fre |
| 337 | |ainformatique|bc|2rdamedia/fre |
| 338 | |aressource en ligne|bcr|2rdacarrier/fre |
| 362 | 1 |aParaît depuis [21 au 27 juillet 2019, semaine 30]; ne paraît plus après le 27 septembre au 24 octobre 2021, semaines 39 au 42. |
| 500 | |aPublié aussi en anglais sous le titre : Mosquito-borne disease surveillance report. |
| 500 | |aHTML seulement depuis semaine 43, 2021. |
| 588 | |aDescription d'après : Du 21 au 27 juillet 2019 (semaine 30); titre de (site web de l'éditeur, visionné le 15 août 2019). |
| 588 | |aDernière livraison consultée : le 27 septembre au 24 octobre 2021, semaines 39 au 42. |
| 692 | 07|2gccst|aInsecte |
| 692 | 07|2gccst|aMaladie infectieuse |
| 710 | 2 |aAgence de santé publique du Canada, |eorganisme de publication. |
| 775 | 08|tMosquito-borne disease surveillance report. |w(CaOODSP)9.877947 |
| 780 | 00|tVirus du Nil occidental et autre maladie transmise par les moustiques - rapport national de surveillance |w(CaOODSP)9.504338 |